Tercer encuentro de Historia del Arte en Chile: Historiografía del Arte y su problemática contemporánea

Uloženo v:
Podrobná bibliografie
Korporativní autor: Universidad de Chile, Facultad de Artes (Autor)
Médium: Kniha
Jazyk:španělština
Vydáno: Santiago, Chile Facultad de Artes. Universidad de Chile 2005
Edice:Colección Cuadernos de Historia del Arte
Témata:
Tagy: Přidat tag
Žádné tagy, Buďte první, kdo vytvoří štítek k tomuto záznamu!

MARC

LEADER 00000nam a2200000 a 4500
001 UCG1386
003 CL-VaPUC
005 20240703145722.0
008 100429e20051100cl 1 spa d
999 |c 384548  |d 384546 
020 |a 9561905191 
040 |c Pontificia Universidad Católica de Valparaíso 
082 0 4 |a 709.040083 UNI 2005  |2 21 
110 2 |a Universidad de Chile, Facultad de Artes  |e author  |9 621620 
245 1 0 |a Tercer encuentro de Historia del Arte en Chile:  |b  Historiografía del Arte y su problemática contemporánea 
260 |a Santiago, Chile  |b Facultad de Artes. Universidad de Chile  |c 2005 
300 |a 263 páginas 
490 0 |a Colección Cuadernos de Historia del Arte 
518 |p Historiografía del Arte y su problemática contemporánea, 3, Santiago de Chile, 29 y 30 de noviembre de 2005 
536 |a Departamento de Teoría de las Artes. Facultad de Artes. Universidad de Chile 
546 |a En Español 
583 |a last modification  |c 20100429 00:00:00  |k Rodrigo Vera 
650 0 7 |a HISTORIA DEL ARTE CHILENO  |2 CL-VaPUC  |9 621621 
650 0 0 |a Arte chileno  |y Siglo 20  |9 459886 
650 0 0 |a Artes plásticas  |z CHILE  |9 268637 
942 |c BK  |2 ddc 
945 |a dcastane  |d 20100429 00:00:00 
952 |0 0  |1 0  |2 ddc  |4 0  |6 709_040083000000000_UNI_2005  |7 0  |8 A  |9 507340  |a BIBART  |b BIBART  |d 2020-01-23  |i 4665341  |l 3  |m 2  |o 709.040083 UNI 2005  |p 4665341  |r 2025-03-13  |s 2024-10-04  |t 1  |w 2020-01-23  |y BK  |k ART